000 00408nam a2200181Ia 4500
001 14899
005 20260306164948.0
008 260306t2006||||xx |||||||||||||| ||spa||
041 _aESP
082 _a519.5
_bL54D
100 _aLevine, David M.
_eAUT
245 0 _aEstadística para administración
260 _c2006
300 _a
_c
650 _aGEN
654 _aCMA
942 _cLIB
_dJUS
_fJUS
_2ddc
_n
999 _c14899
_d14899